[Event "38th Nezhmetdinov Mem"]
[Site "Kazan RUS"]
[Date "2016.06.05"]
[Round "6.16"]
[White "Aleksandrov, Aleksej"]
[Black "Karpeshov, Oleg"]
[Result "0-1"]
[WhiteTitle "GM"]
[BlackTitle "IM"]
[WhiteElo "2592"]
[BlackElo "2323"]
[WhiteFideId "13500139"]
[BlackFideId "4106814"]
[EventDate "2016.05.31"]

1. d4 Nf6 2. c4 g6 3. Nc3 d5 4. Nf3 Bg7 5. Qb3 dxc4 6. Qxc4 O-O 7. e4 Nc6 8. Be2
Bg4 9. d5 Na5 10. Qb4 Bxf3 11. Bxf3 b6 12. O-O c5 13. Qa4 a6 14. Qc2 b5 15. Nd1
Nd7 16. Ne3 e6 17. Bd2 exd5 18. exd5 Ne5 19. Be2 Nb7 20. a4 Qb6 21. Ng4 Nxg4 22.
Bxg4 Rad8 23. axb5 axb5 24. Bf3 Rfe8 25. Be3 Rxe3 26. fxe3 c4 27. Rfe1 Nc5 28.
Rad1 Be5 29. Re2 Qd6 30. g3 Ra8 31. Bg2 h5 32. Kh1 Kg7 33. Rf2 Ra7 34. Bf3 Ra4
35. Kg1 Rb4 36. Qc1 Rb3 37. Kg2 h4 38. gxh4 Bxh2 39. Kh1 Bg3 40. Rg2 Bxh4 41.
Rf1 Qe5 42. Qd2 Nd3 43. d6 Qxd6 44. Qa5 Bf6 45. Be4 Qe6 46. Ba8 Qh3+ 0-1

[Event "38th Nezhmetdinov Mem"]
[Site "Kazan RUS"]
[Date "2016.06.05"]
[Round "6.17"]
[White "Hasangatin, Ramil"]
[Black "Pogorelskikh, Sergey"]
[Result "1/2-1/2"]
[WhiteTitle "GM"]
[BlackTitle "FM"]
[WhiteElo "2512"]
[BlackElo "2281"]
[WhiteFideId "4122160"]
[BlackFideId "4187024"]
[EventDate "2016.05.31"]

1. e4 c5 2. Nf3 Nc6 3. Bb5 g6 4. Bxc6 dxc6 5. d3 Bg7 6. h3 e5 7. Be3 Qe7 8. Qd2
Nf6 9. Nc3 b6 10. Bh6 O-O 11. O-O-O Ne8 12. Nh2 Nc7 13. Bxg7 Kxg7 14. Ng4 f6 15.
g3 Ne6 16. f4 Nd4 17. Rdf1 Bd7 18. Rf2 Rad8 19. Qe3 Kh8 20. Nd1 Bc8 21. Rhf1
exf4 22. gxf4 Bxg4 23. hxg4 Kg8 24. Nc3 Rf7 25. Kb1 Kf8 26. Rh2 Rg7 27. Rfh1 Kg8
28. Rh3 Rd7 29. f5 gxf5 30. gxf5 Qe5 31. Nd1 Rg5 32. c3 Nb5 33. a4 Nd6 34. Nf2
Rdg7 35. d4 cxd4 36. cxd4 Qe7 37. Qb3+ Qf7 38. Qxf7+ Rxf7 39. Rc3 Rc7 40. Rhc1
Rg2 1/2-1/2

[Event "38th Nezhmetdinov Mem"]
[Site "Kazan RUS"]
[Date "2016.06.05"]
[Round "6.18"]
[White "Tsydypov, Zhamsaran"]
[Black "Zhitnikov, Konstantin"]
[Result "1-0"]
[WhiteTitle "IM"]
[WhiteElo "2438"]
[BlackElo "2274"]
[WhiteFideId "4108566"]
[BlackFideId "34152846"]
[EventDate "2016.05.31"]

1. b3 e5 2. Bb2 d6 3. c4 Nf6 4. g3 g6 5. Bg2 Bg7 6. Nc3 Nc6 7. Nf3 O-O 8. O-O
Nh5 9. Ne1 f5 10. Nc2 Be6 11. Nd5 e4 12. Bxg7 Kxg7 13. d3 exd3 14. Qxd3 Kg8 15.
Rad1 Ne5 16. Qe3 Re8 17. Nc3 Nf7 18. Qd2 c6 19. Nd4 Nf6 20. Rfe1 Qc7 21. e4 fxe4
22. Qf4 Nh5 23. Qxe4 Bd7 24. Qd3 Rxe1+ 25. Rxe1 Re8 26. Rxe8+ Bxe8 27. Qe3 Bd7
28. Ne4 Qd8 29. Ne2 b6 30. Qc3 Bf5 31. Nd4 Qe8 32. Qf3 d5 33. cxd5 cxd5 34. Nd2
Qe1+ 35. Nf1 Be4 36. Qe3 Qb1 37. f3 Bd3 38. Qe8+ Kg7 39. Qe7 g5 40. Ne6+ Kg6 41.
Nf8+ Kg7 42. Nd7 Qb2 43. Bh3 Bxf1 44. Bxf1 Nf6 45. Qf8+ Kg6 46. Bd3+ Ne4 47.
Qg8+ Kh6 48. Bxe4 dxe4 49. Qxf7 Qd4+ 50. Kh1 Qd1+ 51. Kg2 exf3+ 52. Kh3 f2 53.
Qe6+ 1-0

[Event "38th Nezhmetdinov Mem"]
[Site "Kazan RUS"]
[Date "2016.06.05"]
[Round "6.19"]
[White "Sharafiev, Azat"]
[Black "Nesterov, Arseniy"]
[Result "0-1"]
[WhiteTitle "IM"]
[WhiteElo "2435"]
[BlackElo "2273"]
[WhiteFideId "4186214"]
[BlackFideId "24198455"]
[EventDate "2016.05.31"]

1. e4 e5 2. Nf3 Nc6 3. Bb5 a6 4. Ba4 Nf6 5. d3 b5 6. Bb3 Bc5 7. O-O O-O 8. a4
Rb8 9. Nc3 d6 10. h3 h6 11. Be3 Bxe3 12. fxe3 b4 13. Nd5 Na5 14. Nd2 Nd7 15. c3
bxc3 16. bxc3 Nxb3 17. Nxb3 c6 18. Nb4 Qb6 19. a5 Qxe3+ 20. Kh1 Bb7 0-1

[Event "38th Nezhmetdinov Mem"]
[Site "Kazan RUS"]
[Date "2016.06.05"]
[Round "6.20"]
[White "Mohammad, Nubairshah Shaikh"]
[Black "Obodenko, Amir"]
[Result "1-0"]
[WhiteElo "2413"]
[BlackElo "2263"]
[WhiteFideId "5053196"]
[BlackFideId "34101176"]
[EventDate "2016.05.31"]

1. c4 e5 2. Nc3 Nc6 3. Nf3 d6 4. d4 Be7 5. d5 Nb8 6. e4 f5 7. Bd3 f4 8. g3 fxg3
9. hxg3 Bg4 10. Be2 Nd7 11. Be3 c5 12. a3 Ngf6 13. Ng5 Bxe2 14. Qxe2 Nf8 15. f4
h5 16. O-O-O Ng4 17. Ne6 Nxe6 18. dxe6 Qa5 19. Rxh5 Rxh5 20. Qxg4 Rh2 21. Qg6+
Kd8 22. fxe5 Qb6 23. Nb5 a6 24. exd6 Bf6 25. Bg5 Rf2 26. Qxg7 1-0

[Event "38th Nezhmetdinov Mem"]
[Site "Kazan RUS"]
[Date "2016.06.05"]
[Round "6.21"]
[White "Davydov, Sergey P."]
[Black "Yagupov, Igor"]
[Result "1/2-1/2"]
[WhiteTitle "FM"]
[BlackTitle "GM"]
[WhiteElo "2266"]
[BlackElo "2400"]
[WhiteFideId "4123182"]
[BlackFideId "4113632"]
[EventDate "2016.05.31"]

1. Nf3 d5 2. b3 Bg4 3. e3 Nd7 4. Bb2 e6 5. Be2 h6 6. O-O Ngf6 7. c4 c6 8. d4 Be7
9. Nbd2 O-O 10. Qc2 Bf5 11. Bd3 Bxd3 12. Qxd3 Qa5 13. a3 Rfd8 14. e4 dxe4 15.
Nxe4 Nxe4 16. Qxe4 Bf6 17. Qc2 Nf8 18. Rfd1 Ng6 19. h3 Rd7 20. b4 Qh5 21. Re1
Rad8 22. Kh2 Nh4 23. Nxh4 Qxh4 24. Re4 Qh5 25. Rd1 Qf5 26. f3 Bxd4 27. Bxd4 Rxd4
28. Rexd4 Qxc2 29. Rxd8+ Kh7 30. c5 Kg6 31. R8d7 h5 32. h4 b6 33. R1d6 bxc5 34.
Rxc6 Qf2 35. Kh3 Qe1 36. Rxc5 Qh1+ 37. Kg3 Qe1+ 38. Kh3 Qh1+ 39. Kg3 Qe1+ 40.
Kh3 1/2-1/2

[Event "38th Nezhmetdinov Mem"]
[Site "Kazan RUS"]
[Date "2016.06.05"]
[Round "6.22"]
[White "Ponfilenok, Vladimir"]
[Black "Bilan, Danila"]
[Result "1-0"]
[WhiteElo "2395"]
[BlackElo "2244"]
[WhiteFideId "24113522"]
[BlackFideId "24161918"]
[EventDate "2016.05.31"]

1. d4 Nf6 2. c4 e6 3. g3 d5 4. Nf3 Bb4+ 5. Bd2 Be7 6. Bg2 O-O 7. O-O c6 8. Bf4
Nbd7 9. Qc2 Nh5 10. Bc1 Nhf6 11. Nbd2 b6 12. e4 dxe4 13. Nxe4 Nxe4 14. Qxe4 Ba6
15. b3 Rc8 16. Bb2 Bf6 17. Rad1 c5 18. Ne5 cxd4 19. Bxd4 Rc7 20. Nxd7 Rxd7 21.
Bxf6 gxf6 22. Rxd7 Qxd7 23. Qg4+ Kh8 24. Rd1 Qe7 25. Qd4 Bc8 26. Qd6 Qxd6 27.
Rxd6 Kg7 28. Kf1 e5 29. Ke2 Re8 30. Kd3 Re7 31. Bd5 Rd7 32. Rxd7 Bxd7 33. b4 Kf8
34. c5 Bc8 35. cxb6 axb6 36. a4 Ke7 37. a5 Kd6 38. Bxf7 bxa5 39. bxa5 Kc5 40.
Bc4 Bb7 41. a6 Bc6 42. h4 h6 43. Be6 Bb5+ 44. Ke4 Bxa6 45. Kf5 Kd4 46. Kxf6 Bd3
47. Bf5 e4 48. g4 Bc4 49. Kg6 Ke5 50. Kxh6 Kf4 51. Kg7 Bd5 52. h5 1-0

[Event "38th Nezhmetdinov Mem"]
[Site "Kazan RUS"]
[Date "2016.06.05"]
[Round "6.23"]
[White "Korniushin, Nikolay"]
[Black "Imashev, Ildar"]
[Result "0-1"]
[WhiteTitle "IM"]
[WhiteElo "2348"]
[BlackElo "2225"]
[WhiteFideId "4123808"]
[BlackFideId "4166337"]
[EventDate "2016.05.31"]

1. Nf3 d5 2. g3 Bg4 3. Bg2 Nd7 4. d4 e6 5. h3 Bh5 6. O-O c6 7. c4 Bd6 8. Nc3
Ngf6 9. Qb3 Rb8 10. Nd2 Bg6 11. cxd5 exd5 12. e4 dxe4 13. Nc4 Bc7 14. Qa3 Nb6
15. Ne5 Bd6 16. Qxa7 Qc7 17. Nxg6 hxg6 18. Nxe4 Nxe4 19. Qa5 Nf6 20. Re1+ Kf8
21. g4 Nbd5 0-1

[Event "38th Nezhmetdinov Mem"]
[Site "Kazan RUS"]
[Date "2016.06.05"]
[Round "6.24"]
[White "Dmitriev, Igor"]
[Black "Gubajdullin, Alexei"]
[Result "1/2-1/2"]
[WhiteTitle "IM"]
[BlackTitle "FM"]
[WhiteElo "2259"]
[BlackElo "2346"]
[WhiteFideId "4114833"]
[BlackFideId "4141202"]
[EventDate "2016.05.31"]

1. d4 f5 2. Nc3 Nf6 3. Bg5 d5 4. e3 e6 5. Nf3 Be7 6. Bd3 O-O 7. O-O Nbd7 8. Ne2
Ne4 9. Bxe7 Qxe7 10. c4 c6 11. Qb3 Kh8 12. Rad1 g5 13. Ne5 Nxe5 14. dxe5 Qg7 15.
f4 Nc5 16. Qa3 b6 17. Nd4 Rg8 18. Rf2 gxf4 19. exf4 Nxd3 20. Rxd3 c5 21. Rg3 Qf8
22. Rxg8+ Qxg8 23. Nb5 Bb7 24. cxd5 Qg4 25. Nc7 Qd1+ 26. Rf1 Qd4+ 27. Kh1 Rg8
28. Qf3 Qxb2 29. Nxe6 Qxa2 30. Rd1 h6 31. Qh3 Rg6 32. Nf8 Rg7 33. Ne6 Rg6 34.
Nf8 Rg7 35. Ne6 Rg6 1/2-1/2

[Event "38th Nezhmetdinov Mem"]
[Site "Kazan RUS"]
[Date "2016.06.05"]
[Round "6.25"]
[White "Pershin, Denis"]
[Black "Drogovoz, Irina"]
[Result "1-0"]
[BlackTitle "WIM"]
[WhiteElo "2336"]
[BlackElo "2205"]
[WhiteFideId "24165506"]
[BlackFideId "4176715"]
[EventDate "2016.05.31"]

1. e4 c5 2. Nf3 d6 3. d4 cxd4 4. Nxd4 Nf6 5. Nc3 a6 6. Bg5 Nbd7 7. f4 Qc7 8. Qf3
h6 9. Bxf6 Nxf6 10. f5 Qc5 11. O-O-O g5 12. fxg6 Bg4 13. gxf7+ Kxf7 14. Qd3 Bxd1
15. Nxd1 e6 16. g3 Bg7 17. Bh3 Rae8 18. Rf1 Re7 19. Ne3 Rhe8 20. Ng4 Qg5+ 21.
Rf4 h5 22. Nf3 Qb5 23. c4 Rc8 24. e5 dxe5 25. Nfxe5+ Ke8 26. Nxf6+ Bxf6 27. Qg6+
Kd8 28. Rd4+ 1-0

[Event "38th Nezhmetdinov Mem"]
[Site "Kazan RUS"]
[Date "2016.06.05"]
[Round "6.26"]
[White "Korovin, Mikhail"]
[Black "Severina, Maria"]
[Result "0-1"]
[BlackTitle "WIM"]
[WhiteElo "2240"]
[BlackElo "2330"]
[WhiteFideId "24178560"]
[BlackFideId "4116909"]
[EventDate "2016.05.31"]

1. Nf3 Nf6 2. g3 b6 3. Bg2 Bb7 4. O-O e6 5. c4 Be7 6. d3 d5 7. Nbd2 O-O 8. Qc2
c5 9. a3 Nc6 10. e3 Qc7 11. b3 Rfd8 12. Bb2 dxc4 13. dxc4 h6 14. h3 Rd7 15. Rfd1
Rad8 16. g4 Ne8 17. Ne4 Nb4 18. axb4 Rxd1+ 19. Rxd1 Bxe4 20. Rxd8 Bxc2 21. Rxe8+
Kh7 22. bxc5 bxc5 23. Be5 Qd7 24. Rb8 Bd6 25. Rb5 a6 26. Ra5 Qc7 27. Ra2 Bxb3
28. Rb2 Bxc4 29. Bc3 Bb5 30. h4 Bc6 31. h5 a5 32. g5 a4 33. e4 Bf4 34. gxh6 Kxh6
35. e5 Bd5 36. Rb5 Qc6 37. Rb8 Bxf3 38. Rh8+ Kg5 39. h6 gxh6 40. Bh3 Qe4 41.
Rg8+ Kh5 0-1

[Event "38th Nezhmetdinov Mem"]
[Site "Kazan RUS"]
[Date "2016.06.05"]
[Round "6.27"]
[White "Samusenko, Maksim"]
[Black "Bezdenezhnyh, Pavel"]
[Result "1-0"]
[WhiteTitle "FM"]
[WhiteElo "2329"]
[BlackElo "2181"]
[WhiteFideId "4112253"]
[BlackFideId "24126845"]
[EventDate "2016.05.31"]

1. e4 c5 2. Nf3 d6 3. d4 cxd4 4. Nxd4 Nf6 5. Nc3 a6 6. f4 e6 7. Qf3 Be7 8. Be3
Qc7 9. O-O-O O-O 10. g4 b5 11. g5 Nfd7 12. Bd3 Bb7 13. h4 Nc6 14. Rhg1 Nxd4 15.
Bxd4 b4 16. Ne2 e5 17. Be3 exf4 18. Nxf4 Ne5 19. Qe2 a5 20. Kb1 a4 21. Bd4 Rfc8
22. Rc1 Qa5 23. Rgf1 Nc6 24. Nd5 Bf8 25. Bb6 Nd4 26. Qf2 1-0

[Event "38th Nezhmetdinov Mem"]
[Site "Kazan RUS"]
[Date "2016.06.05"]
[Round "6.28"]
[White "Kalinin, Nikita"]
[Black "Obolentseva, Alexandra"]
[Result "1/2-1/2"]
[BlackTitle "WFM"]
[WhiteElo "2194"]
[BlackElo "2324"]
[WhiteFideId "24155390"]
[BlackFideId "24153648"]
[EventDate "2016.05.31"]

1. e4 c5 2. Nf3 d6 3. d4 cxd4 4. Nxd4 Nf6 5. Nc3 a6 6. Be2 e6 7. Be3 Nbd7 8. g4
h6 9. Qd2 b5 10. a3 Bb7 11. f3 Rc8 12. h4 Nb6 13. O-O-O Nfd7 14. g5 hxg5 15.
hxg5 Rxh1 16. Rxh1 Ne5 17. Rh8 Nbc4 18. Bxc4 Nxc4 19. Qd3 g6 20. f4 Qe7 21. Kb1
Kd7 22. Bc1 Bg7 23. Rh7 Bxd4 24. Qxd4 e5 25. Qd3 exf4 26. Nd5 Bxd5 27. Qxd5 Rc5
28. Qxf7 Qxf7 29. Rxf7+ Ke8 30. Rxf4 Rxg5 31. b3 Ne5 32. Rf6 Rh5 33. Rxd6 a5 34.
Rb6 Ng4 35. Rxg6 Nf2 36. Rf6 Nd1 37. Rf1 Nc3+ 38. Kb2 Nxe4 39. Re1 Re5 40. Bd2
a4 41. bxa4 bxa4 42. c4 Kd7 43. Kc2 Kc6 44. Bb4 Re6 45. Rg1 Nc5 46. Rg5 Nb3 47.
Kd3 Nc1+ 48. Kc3 Nb3 49. Rg8 Re3+ 50. Kc2 Kb7 51. Rg7+ Kb6 52. Rg6+ Kb7 53. Rd6
Rh3 54. Rd7+ Kc6 55. Ra7 Rh2+ 56. Kc3 Rh3+ 57. Kc2 Rh2+ 58. Kd3 Rh3+ 59. Ke2
Rh2+ 60. Ke3 Rh3+ 61. Kf2 Rh4 62. Ra6+ Kb7 63. Rxa4 Rxc4 64. Ke2 Rd4 1/2-1/2

[Event "38th Nezhmetdinov Mem"]
[Site "Kazan RUS"]
[Date "2016.06.05"]
[Round "6.29"]
[White "Galaktionov, Artem"]
[Black "Korchmar, Vasiliy"]
[Result "1/2-1/2"]
[BlackTitle "IM"]
[WhiteElo "2181"]
[BlackElo "2437"]
[WhiteFideId "24175471"]
[BlackFideId "24131750"]
[EventDate "2016.05.31"]

1. d4 Nf6 2. Nf3 e6 3. c4 d5 4. Nc3 c6 5. g3 dxc4 6. Bg2 b5 7. a4 Qb6 8. O-O Bb7
9. Re1 Be7 10. e4 O-O 11. Bg5 b4 12. a5 Qd8 13. Na4 Ba6 14. Qc2 Bb5 15. e5 Nd5
16. Bxe7 Qxe7 17. Nc5 b3 18. Qd2 Na6 1/2-1/2

[Event "38th Nezhmetdinov Mem"]
[Site "Kazan RUS"]
[Date "2016.06.05"]
[Round "6.30"]
[White "Voinikonis, Nikita"]
[Black "Yandemirov, Valeri"]
[Result "0-1"]
[BlackTitle "GM"]
[WhiteElo "2168"]
[BlackElo "2388"]
[WhiteFideId "34187500"]
[BlackFideId "4102622"]
[EventDate "2016.05.31"]

1. e4 e5 2. Nf3 Nc6 3. Nc3 Nf6 4. Bb5 Nd4 5. Nxd4 exd4 6. e5 dxc3 7. exf6 Qxf6
8. dxc3 Qe5+ 9. Qe2 Qxe2+ 10. Bxe2 d5 11. Bf4 c6 12. c4 Be6 13. cxd5 Bxd5 14.
O-O Bc5 15. Rfe1 O-O 16. Bd3 Rfe8 17. Be5 h6 18. Bc3 Kf8 19. Kf1 Rad8 20. a3
Rxe1+ 21. Rxe1 Be6 22. h3 Bd4 23. Bxd4 Rxd4 24. Re4 Rxe4 25. Bxe4 g5 26. Ke2 Ke7
27. Ke3 Kd6 28. Kd4 b6 29. Ke3 f5 30. Bf3 c5 31. Bb7 Ke5 32. Bf3 Bd7 33. c3 Be6
34. Bc6 h5 35. f3 h4 36. Bb7 Bc4 37. Bc6 Kd6 38. Bb7 Ke5 39. Bc6 a5 40. Bb7 Bb5
41. Ba8 Bf1 42. Kf2 Bc4 43. Ke3 f4+ 44. Kf2 b5 45. Be4 b4 46. Bc2 bxa3 47. bxa3
Kd6 48. Ke1 Kc7 49. Kf2 Kb6 50. Ba4 Bd3 51. Ke1 Bb5 52. Bb3 Kc6 53. c4 Ba6 54.
Kd2 Kd6 55. Kc3 Bb7 56. Bd1 Ke5 57. Be2 Bc6 58. Bd1 Bd7 59. Bc2 Bc8 60. Bd3 Be6
61. Bb1 g4 62. hxg4 Bxg4 63. Be4 Bd7 64. Bc2 Bc6 65. Bd1 Kf6 66. Kd2 Kg5 67. Ke2
Bd7 68. Bc2 Be6 69. Bd3 Bf7 70. Ke1 Bg8 71. Ke2 Be6 72. Ke1 Bd7 73. Bc2 Bc6 74.
Bd1 Bb7 75. Be2 Bc8 76. Bd3 Be6 77. Ke2 Kf6 78. Kd2 Bf7 79. Be2 Bg6 80. Bd3 Be8
81. Bc2 Bc6 82. Bd1 Kf5 83. Kd3 Bd7 84. Bc2 Be6 85. Kd2+ Kg5 86. Bd3 Bd7 87. Bc2
h3 88. gxh3 Kh4 89. Ke2 Kg3 90. Be4 Bxh3 91. Bd5 Bf5 92. Bc6 Kg2 93. Bd5 Kg1 94.
Bf7 Bh3 95. Kd3 Bf5+ 96. Ke2 Bb1 97. Be6 Bg6 98. Bd5 Bh7 99. Be6 Bc2 100. Bd5
Kg2 101. Kd2 Bf5 102. Ke2 Kg3 103. Bf7 Bh3 104. Bd5 Bg2 105. Bc6 Bh1 106. Bd5
Kg2 107. Ke1 Kg1 108. Ke2 Bg2 109. Ke1 Bf1 110. Be6 Bd3 111. Kd2 Bf1 112. Ke1
Kg2 113. Bd5 Bd3 114. Kd2 Bf5 115. Ke2 Bh7 116. Ke1 Kg3 117. Ke2 Bf5 118. Bf7
Kh4 119. Bd5 Kg5 120. Kd2 Kf6 121. Kc3 Ke5 122. Bc6 Bh3 123. Ba8 Bg2 124. Bd5
Bf1 125. Bg8 Kf6 126. Kd2 Kg5 127. Ke1 Bh3 128. Bd5 Kh4 129. Kf2 Bf5 130. Bf7
Kg5 131. Ke2 Kf6 132. Bd5 Ke5 133. Kd2 Kd4 134. Bf7 Bd3 135. Be6 Bxc4 0-1

[Event "38th Nezhmetdinov Mem"]
[Site "Kazan RUS"]
[Date "2016.06.05"]
[Round "6.31"]
[White "Fakhrutdinov, Timur"]
[Black "Andreev, Viktor"]
[Result "1-0"]
[WhiteTitle "FM"]
[BlackTitle "FM"]
[WhiteElo "2336"]
[BlackElo "2128"]
[WhiteFideId "24176702"]
[BlackFideId "4133277"]
[EventDate "2016.05.31"]

1. e4 d6 2. d4 g6 3. Nc3 Bg7 4. f4 Nf6 5. Nf3 O-O 6. Bd3 Nc6 7. e5 Ne8 8. Be3
dxe5 9. fxe5 Nb4 10. Bc4 Bf5 11. Bb3 c5 12. dxc5 Qxd1+ 13. Rxd1 Bxc2 14. Rd7
Nd3+ 15. Ke2 Nxe5 16. Nxe5 Bxb3 17. axb3 Bxe5 18. Rxe7 f6 19. Rd1 Rf7 20. Rxf7
Kxf7 21. Rd7+ Ke6 22. Rxb7 Nc7 23. b4 Kd7 24. b5 Kc8 25. c6 Rb8 26. Rxa7 Nxb5
27. Rxh7 f5 28. Nd5 f4 29. Bb6 Nd4+ 30. Bxd4 Bxd4 31. Rc7+ Kd8 32. Rd7+ Ke8 33.
Nc7+ 1-0

[Event "38th Nezhmetdinov Mem"]
[Site "Kazan RUS"]
[Date "2016.06.05"]
[Round "6.32"]
[White "Murtazin, Bulat"]
[Black "Gilyazitdinov, Nikita"]
[Result "1-0"]
[WhiteTitle "FM"]
[WhiteElo "2319"]
[BlackElo "2065"]
[WhiteFideId "24151351"]
[BlackFideId "4184106"]
[EventDate "2016.05.31"]

1. d4 Nf6 2. c4 c5 3. d5 b5 4. cxb5 a6 5. bxa6 g6 6. Nc3 Bxa6 7. e4 Bxf1 8. Kxf1
d6 9. Nf3 Nbd7 10. g3 Bg7 11. Kg2 O-O 12. Qe2 Qb6 13. a4 Rfb8 14. Nb5 Ne8 15.
Nd2 Nc7 16. Nc4 Qb7 17. Nxc7 Qxc7 18. h4 Nb6 19. Nxb6 Qxb6 20. h5 Qb4 21. a5 Qb5
22. Qg4 Bf6 23. hxg6 hxg6 24. Ra3 Qc4 25. Rf3 Qd4 26. Bg5 Kf8 27. Bxf6 exf6 28.
Qd7 Kg7 29. Qxd6 Rxb2 30. Qf4 Rh8 31. Rxh8 Kxh8 32. Qxf6+ Qxf6 33. Rxf6 Kg7 34.
Rc6 Rb5 35. a6 Ra5 36. e5 c4 37. d6 1-0

[Event "38th Nezhmetdinov Mem"]
[Site "Kazan RUS"]
[Date "2016.06.05"]
[Round "6.33"]
[White "Dzhangobegov, Vladimir"]
[Black "Murtazin, Ruslan"]
[Result "0-1"]
[WhiteTitle "FM"]
[WhiteElo "2315"]
[BlackElo "2050"]
[WhiteFideId "4180984"]
[BlackFideId "24175960"]
[EventDate "2016.05.31"]

1. e4 c5 2. Nf3 e6 3. g3 Nc6 4. Bg2 d6 5. O-O Nf6 6. Qe2 g6 7. Rd1 e5 8. c3 Bg7
9. d4 Qe7 10. d5 Nb8 11. b4 cxb4 12. cxb4 O-O 13. Nc3 Ne8 14. Nd2 f5 15. Nc4 Nd7
16. f3 h5 17. exf5 gxf5 18. f4 e4 19. Bb2 h4 20. Nb5 hxg3 21. hxg3 Ndf6 22. Ne3
Qf7 23. Rac1 Qg6 24. Qf2 Nh5 25. Bxg7 Qxg7 26. Nd4 Bd7 27. Kh2 Nef6 28. Bh3 Ng4+
29. Bxg4 fxg4 30. Rc7 Rxf4 31. Qe1 Rf7 32. Ndf5 Qh7 33. Nh4 Raf8 34. Neg2 Rf3
35. Qd2 e3 36. Qd3 Qxd3 37. Rxd3 Rxg3 38. Rxe3 Rxe3 39. Nxe3 g3+ 40. Kg1 Bh3 41.
Rc2 Rf4 42. Rc4 Rxc4 43. Nxc4 Nf4 44. Nxd6 Nxd5 45. Nxb7 Nxb4 46. Nc5 Nxa2 47.
Ne4 a5 48. Nxg3 a4 49. Ne4 a3 50. Nd2 Nc1 0-1

[Event "38th Nezhmetdinov Mem"]
[Site "Kazan RUS"]
[Date "2016.06.05"]
[Round "6.34"]
[White "Ashrafzianov, Igor"]
[Black "Musaev, Rasul"]
[Result "1/2-1/2"]
[BlackTitle "FM"]
[WhiteElo "1962"]
[BlackElo "2310"]
[WhiteFideId "24122572"]
[BlackFideId "24146870"]
[EventDate "2016.05.31"]

1. d4 g6 2. Nf3 Bg7 3. g3 c5 4. d5 d6 5. Bg2 Nf6 6. Nc3 b5 7. O-O b4 8. Nb1 Nbd7
9. a3 bxa3 10. Nxa3 Nb6 11. Ne1 Bf5 12. f3 Qd7 13. e4 Bh3 14. Qd3 Bxg2 15. Nxg2
O-O 16. Ne3 e6 17. Nac4 exd5 18. Nxb6 axb6 19. Rxa8 Rxa8 20. Nxd5 Rb8 21. Rd1
Ne8 22. c3 b5 23. Bf4 h6 24. g4 Qa7 25. Qd2 Kh7 26. Kg2 Qa4 27. Qe2 Qb3 28. Rd2
Rd8 29. h4 Rd7 30. Nb6 Rb7 31. Nd5 Rd7 32. Nb6 Rb7 33. Nd5 Rd7 1/2-1/2

[Event "38th Nezhmetdinov Mem"]
[Site "Kazan RUS"]
[Date "2016.06.05"]
[Round "6.35"]
[White "Ambartsumova, Karina"]
[Black "Elkin, Leonid"]
[Result "1-0"]
[WhiteTitle "WGM"]
[WhiteElo "2307"]
[BlackElo "2055"]
[WhiteFideId "4166299"]
[BlackFideId "13501240"]
[EventDate "2016.05.31"]

1. e4 c5 2. Nf3 d6 3. d4 cxd4 4. Nxd4 Nf6 5. Nc3 g6 6. Be3 Bg7 7. f3 O-O 8. Bc4
Nc6 9. Bb3 Bd7 10. h4 Nxd4 11. Bxd4 b5 12. Nd5 Nxd5 13. exd5 e5 14. dxe6 Bxe6
15. Bxg7 Kxg7 16. Qd4+ Qf6 17. O-O-O Bxb3 18. axb3 Rfd8 19. g4 Rac8 20. h5 Qxd4
21. Rxd4 Rc6 22. h6+ Kf8 23. Rd5 Rc5 24. Rhd1 Rxd5 25. Rxd5 a6 26. c4 Ke7 27.
Kd2 Ke6 28. Kc3 Rc8 29. f4 Rc5 30. Rd4 Rc8 31. Rd1 Ke7 32. Kd4 Kf6 33. Ra1 bxc4
34. bxc4 Rc6 35. b4 Rb6 36. Kc3 Ke7 37. Ra5 Kf6 38. c5 dxc5 39. bxc5 Rc6 40. Kd4
Ke6 41. Ra1 Kd7 42. g5 Re6 43. Kd5 Ke7 44. Ra4 Kd7 45. Rb4 Kc7 46. f5 gxf5 47.
Rf4 Kd7 48. Rxf5 Ke7 49. c6 Re1 50. Kc5 a5 51. Kb6 a4 52. c7 Rc1 53. Rf1 Rc2 54.
Re1+ Kd7 55. Rd1+ Ke6 56. Rd8 1-0

[Event "38th Nezhmetdinov Mem"]
[Site "Kazan RUS"]
[Date "2016.06.05"]
[Round "6.36"]
[White "Filipenko, Alexander V"]
[Black "Filyanin, Daniil"]
[Result "1/2-1/2"]
[WhiteTitle "IM"]
[WhiteElo "2278"]
[BlackElo "2006"]
[WhiteFideId "4104471"]
[BlackFideId "24177300"]
[EventDate "2016.05.31"]

1. e4 d6 2. d4 Nf6 3. Nc3 e5 4. dxe5 dxe5 5. Qxd8+ Kxd8 6. Bc4 Ke8 7. Nf3 Bd6 8.
Bg5 Nbd7 9. Bh4 c6 10. a4 Nc5 11. Nd2 a5 12. f3 h6 13. Be2 Bc7 14. Nc4 Ne6 15.
Bg3 Nd7 16. Nb1 f6 17. c3 Ndc5 18. Bf2 Ke7 19. Kd1 Rd8+ 20. Kc2 Bd7 21. Nbd2 g6
22. Rhd1 Be8 23. b3 Bf7 24. Na3 Rd7 25. Bc4 Rad8 26. Nf1 Bb6 27. Be3 h5 28.
Rxd7+ Rxd7 29. Rd1 Rxd1 30. Kxd1 Nd7 31. Kc2 Bxe3 32. Nxe3 Nb6 33. Bf1 Nc5 34.
Nac4 Nxc4 35. Bxc4 Be8 36. Bf1 b6 37. Nc4 Bf7 38. Nd2 Kd6 39. Bc4 Be8 40. Bg8 b5
41. axb5 cxb5 42. b4 axb4 43. cxb4 Na6 44. Kc3 g5 45. Nf1 Nc7 46. Ne3 Bd7 47.
Bf7 h4 48. g3 hxg3 1/2-1/2

[Event "38th Nezhmetdinov Mem"]
[Site "Kazan RUS"]
[Date "2016.06.05"]
[Round "6.37"]
[White "Baraeva, Marina"]
[Black "Isaykin, Artem"]
[Result "1-0"]
[WhiteTitle "WIM"]
[WhiteElo "2208"]
[BlackElo "1973"]
[WhiteFideId "24142573"]
[BlackFideId "34165344"]
[EventDate "2016.05.31"]

1. d4 Nf6 2. c4 e6 3. Nf3 b6 4. a3 Bb7 5. Nc3 d6 6. d5 e5 7. e4 g6 8. Be2 Nbd7
9. b4 Bg7 10. O-O h6 11. Ne1 O-O 12. Be3 Kh7 13. Nd3 Qe7 14. f3 a6 15. Rc1 Rg8
16. c5 Bc8 17. Nb1 Ne8 18. Nd2 f5 19. cxd6 cxd6 20. Nc4 Rb8 21. Nxb6 Nxb6 22.
Bxb6 Bb7 23. Be3 Nf6 24. Rc4 Rbc8 25. Nf2 f4 26. Bb6 Rxc4 27. Bxc4 h5 28. Qe2
Ra8 29. Rc1 Bc8 30. Bd3 Ne8 31. a4 g5 32. h3 Nf6 33. Rc7 Qe8 34. a5 Nd7 35. Qc2
Rb8 36. Qc6 g4 37. hxg4 h4 38. Bxa6 Bxa6 39. Qxd7 Qxd7 40. Rxd7 Rc8 41. Rxd6
Rc1+ 42. Kh2 Bh6 43. Rc6 Re1 44. d6 h3 45. Nxh3 Bf1 46. d7 Bxg2 47. d8=Q 1-0

[Event "38th Nezhmetdinov Mem"]
[Site "Kazan RUS"]
[Date "2016.06.05"]
[Round "6.38"]
[White "Akhtariev, Andrey"]
[Black "Fedotov, Nikita2"]
[Result "1-0"]
[WhiteElo "1927"]
[BlackElo "2192"]
[WhiteFideId "34112275"]
[BlackFideId "24161446"]
[EventDate "2016.05.31"]

1. e4 c5 2. Nf3 d6 3. d4 cxd4 4. Nxd4 Nf6 5. Nc3 a6 6. Be2 e6 7. O-O Be7 8. f4
Qc7 9. Qe1 Nc6 10. Be3 O-O 11. Kh1 Re8 12. g4 Bf8 13. g5 Nd7 14. Qg3 b5 15. f5
Nde5 16. a3 Bb7 17. f6 b4 18. axb4 Nxb4 19. h4 Nec6 20. Nxc6 Bxc6 21. h5 Red8
22. g6 hxg6 23. hxg6 Be8 24. Bg4 gxf6 25. gxf7+ Bxf7 26. Rg1 Bg7 27. Bf5 Kf8 28.
Qxg7+ Ke7 29. Bg6 Rh8+ 30. Bh6 1-0